00497nam a2200193 a 4500001001300000003000900013005001700022008004100039020000800080082002100088100001600109245004100125260004600166300000900212500003500221505000800256650002300264700001600287nice12345678IN_TiNIC20260116011258.0050524s1966 newa grp 000 0 eng  ac500a909.0491411bGHO aGhosal, H R aOutline History of the Indian People aNew DelhibPublication Division Goic1966 a139p aincludes index and biblioraphy2 aIll aCivilization-India1 aGhosal, H R